000 01434cam a22003977a 4500
003 CHAP
005 20220329142830.0
008 040603ss003 mx a r 00010 spa d
010 _a88422
011 _a89394
035 _a99945
040 _cCHAP
090 _aTesis
100 0 0 _aCruz Arellanes, Eucario Lucio.
_929292
245 1 0 _aDensidades de población y altura entre tinas en dosel escaleriforme de jitomate en hidroponia
_c/por Eucario Lucio Cruz Arellanes
260 _aChapingo, Méx. :
_bEl autor,
_c2003.
300 _a101 h. :
_bilus.
502 _aTesis (M.C. en Horticultura) -- UACH. Departamento de Fitotecnia
530 _aTambién disponible en línea
590 _aALEPH
_b10
_c20130110
_lUCH01
_h1458
590 _aBATCH-UPD
_b10
_c20130110
_lUCH01
_h0703
590 _aBATCH-UPD
_b10
_c20130914
_lUCH01
_h1105
590 _aBATCH-UPD
_b10
_c20140324
_lUCH01
_h1445
590 _aBATCH-UPD
_b10
_c20141002
_lUCH01
_h0822
590 _aCONVERSION
_b10
_c20130109
_lUCH01
_h1349
650 1 4 _aDensidad de siembra.
_931812
650 1 4 _aHidroponía.
_955280
650 1 4 _aTomate.
_9113672
650 1 4 _aTomate
_xRendimiento.
_9113761
856 _3Finding aid
_uhttp://10.13.5.2/tesis/99945.pdf
_zTeclea aqui
901 _aBK
905 _aAlejandra Carrasco M.
942 _cFOLL
949 _aTesis
_bBC
_cTES
_d33724000794855
_eTS2
_fc.2
_h41973
_i99945
_si
949 _aTesis
_bBC
_cTES
_d999451
_eTS1
_h41972
_i99945
_sb
999 _c88422
_d88422